Fundamentos de análisis económicos (Registro nro. 4438)
[ vista simple ]
| 000 -LEADER | |
|---|---|
| fixed length control field | 01374 a2200217 4500 |
| 001 - CONTROL NUMBER | |
| control field | 47675 |
| 005 - DATE AND TIME OF LATEST TRANSACTION | |
| control field | 20260407155743.0 |
| 008 - FIXED-LENGTH DATA ELEMENTS--GENERAL INFORMATION | |
| fixed length control field | 260407a1977 arg spa d |
| 003 - CONTROL NUMBER IDENTIFIER | |
| control field | AR-UNSa-BCEJYS |
| 040 ## - CATALOGING SOURCE | |
| Original cataloging agency | AR-UNSa-BCEJYS |
| Language of cataloging | spa |
| Transcribing agency | AR-UNSa-BCEJYS |
| 080 ## - UNIVERSAL DECIMAL CLASSIFICATION NUMBER | |
| Universal Decimal Classification number | 330.1 |
| Common auxiliary subdivision | Ciencia económica. Conceptos fundamentales de teoría económica. Valor. Capital. Fondos |
| 100 1# - MAIN ENTRY--PERSONAL NAME | |
| Personal name | Samuelson, Paul A. |
| 245 10 - TITLE STATEMENT | |
| Title | Fundamentos de análisis económicos |
| 250 ## - EDITION STATEMENT | |
| Edition statement | 4a. ed. |
| 264 #1 - PRODUCTION, PUBLICATION, DISTRIBUTION, MANUFACTURE, AND COPYRIGHT NOTICE | |
| Place of production, publication, distribution, manufacture | Buenos Aires : |
| Name of producer, publisher, distributor, manufacturer | El Ateneo |
| Date of production, publication, distribution, manufacture, or copyright notice | 1977 |
| 300 ## - PHYSICAL DESCRIPTION | |
| Extent | 461 p. |
| Dimensions | 23 cm. |
| 505 ## - FORMATTED CONTENTS NOTE | |
| Formatted contents note | Primera Parte: 1. Introducción - 2. Sistemas de equilibrio y de estática comparativa - 3. Teoría de la "maximización" de la conducta - 4. Un replanteo comprensivo de la teoría del costo y de la producción - 5. Teoría pura de la conducta del consumidor - 6. Transformaciones, conjuntos de bienes y racionamiento - 7. Algunos aspectos especiales de la teoría de la conducta del consumidor - 8. Economía del bienestar -- Segunda Parte: 9. Estabilidad del equilibrio: estática comparativa y dinámica - 10. Estabilidad del equilibrio: sistemas lineales y no lineales - 11. Elementos fundamentales de la teoría dinámica - 12. Conclusión. |
| 590 ## - LOCAL NOTE (RLIN) | |
| Local note | niveau_biblio:m niveau_hierar:0 |
| 856 41 - ELECTRONIC LOCATION AND ACCESS | |
| Uniform Resource Identifier | <a href="https://biblioeco.unsa.edu.ar/pmb/images/libros/L127639.jpg">https://biblioeco.unsa.edu.ar/pmb/images/libros/L127639.jpg</a> |
| Link text | Imagen de portada |
| Electronic format type | image/jpeg |
| 942 ## - ADDED ENTRY ELEMENTS (KOHA) | |
| Koha item type | |
| Withdrawn status | Lost status | Damaged status | Not for loan | Home library | Current library | Shelving location | Date acquired | Total checkouts | Full call number | Barcode | Date last seen | Price effective from | Koha item type |
|---|---|---|---|---|---|---|---|---|---|---|---|---|---|
| Biblioteca Prof. Eusebio Cleto del Rey | Biblioteca Prof. Eusebio Cleto del Rey | 07/04/2026 | 330.1 S187 4ed. | L127639 | 07/04/2026 | 07/04/2026 | Libro |